000 00459nam a2200157 i 4500
001 24599
003 ES-MaACL
005 20230906153058.0
007 t|
008 021218s1970 sp ||||1| spa d
100 1 _aAparicio Kel, Francisco-Jesús.
_922066
245 1 0 _aPoemas de hierro /
_cFrancisco-Jesús Aparicio Kel.
260 _a[Madrid :
_bs.n.,
_c1970] (
_fGráf. Ramos)
300 _a160 p. :
_bil. ;
_c21 cm.
852 _aES-MaACL
_jC-46174
_bR.74397
999 _c24599
_d24599